Štruktúra obyvateľstva Slovenska podľa posledných výsledkov sčítania diplomová práca

Gespeichert in:
Bibliographische Detailangaben
1. Verfasser: Silvayová, Lucia
Körperschaft: Fakulta hospodárskej informatiky EU. Katedra štatistiky
Weitere Verfasser: Sivašová, Daniela, 1955-
Format: Buch
Sprache:Slowakisch
Veröffentlicht: Bratislava 2025
Tags: Tag hinzufügen
Keine Tags, Fügen Sie das erste Tag hinzu!

MARC

LEADER 00000nbm a2200000 4500
001 0310666
005 20251202102408.2
041 0 |a slo 
044 |a SK 
245 1 0 |a Štruktúra obyvateľstva Slovenska podľa posledných výsledkov sčítania  |b diplomová práca  |c Lucia Silvayová ; školiteľ: Daniela Sivašová 
264 1 |a Bratislava  |c 2025 
300 |a 69 s. 
100 1 |a Silvayová, Lucia 
700 1 |a Sivašová, Daniela, 1955- 
710 2 |a Fakulta hospodárskej informatiky EU. Katedra štatistiky